Представление документа в формате MARC21

Поле Инд. ПП Название Значение
Тип записи a
Библиографический уровень a
001 Контрольный номер 563aa8504b2c49c989b4bb4806c43cc9
005 Дата корректировки 20170301132703.7
020 a ISBN 5-02-010266-0
040 a Служба первич. каталог. НБ ТвГУ
b Код языка каталог. rus
e Правила каталог. PSBO
041 0_ a Код языка текста rus
097 b Оператор novikova
100 1_ a Автор Волков Алексей Михайлович
q Полное имя Волков А. М.
245 10 a Заглавие Роль научно-технического фактора в экономической истории Швеции
260 a Место издания Москва
b Издательство Наука
520 0_ a Аннотация В экономической истории Швеции важнейшую роль сыграл научно-технический прогресс. Развитие фундаментальной и прикладной науки и внедрение технических инноваций способствовали превращению Швеции в развитую страну.
653 0_ a Ключевые слова Экономическая история
a Ключевые слова Швеция, страна
a Ключевые слова Научно-технический прогресс
a Ключевые слова Наука
a Ключевые слова Информационные технологии
773 18 w Контрольный № источника RU/IS/BASE/318428191
t Название источника Северная Европа
d Место и дата издания Москва : Наука, 2005
g Прочая информация Вып. 5. - С. 187-198
901 t Тип документа a
920 a Оператор Нови